| 000 | 00864nam a2200253 a 4500 | ||
|---|---|---|---|
| 001 | BRL_848 | ||
| 005 | 20190320210925.0 | ||
| 008 | 181013s1980----fr-a#####c---#000-0#fre-# | ||
| 020 | _a2249276012 | ||
| 041 | _afreeng | ||
| 044 | _afr | ||
| 050 | 4 |
_aNK3649.5 _b.V36 1980 |
|
| 245 | 1 | 0 |
_aVannerie du Monde _cune exposition organisée par la Féderation pour le Développement de l´Artisanat Utilitaire des produits d´Afrique, Amérique Latine et Asie (Fedeau) |
| 260 |
_aFrance _bDESSAIN ET TOLRA : FEDEAU _c1980 |
||
| 300 |
_a[35] p. _bil. _c28 p. |
||
| 500 | _aAu976 | ||
| 500 | _aTexto en: francés e inglés | ||
| 650 | 1 | 4 |
_aCestería _vExposiciones _925123 |
| 650 | 1 | 4 |
_aArtesanias _vExposiciones _925124 |
| 710 | 2 |
_aFederation for the Development of Utilitarian Handcrafts _925125 |
|
| 740 | 0 | _aBasketry of the world | |
| 902 | _aGRL | ||
| 942 |
_2lcc _cB |
||
| 999 |
_c9660 _d9660 |
||